000 01013cam a22002175a 4500
001 E149650
008 100331s2010 xxk f f000 0 eng d
035 _a(Sirsi) u149651
041 0 _aeng
110 2 _aAudit Commission
_95757
245 0 0 _aIdentifying and accounting for leases
_bcountdown to IFRS in local government
_h[electronic resource]
260 _aLondon
_bAudit Commission
_c2010
520 _aDiscusses the introduction of International Accounting Standards (IAS) 17: Leases, and the issues faced by local authorities in terms of making leases compliant with International Financial Reporting Standards (IFRS).
521 _aAdvanced
590 _aKA
650 2 4 _aINTERNATIONAL FINANCIAL REPORTING STANDARDS
651 4 _aUnited Kingdom
_y
690 _aMANAGEMENT-BUSINESS MANAGEMENT-FINANCIAL MANAGEMENT-ACCOUNTING-FINANCIAL REPORTING
856 4 0 _uhttps://www.brentwood.gov.uk/minutesdocs/agendas/amdoc1975.pdf
_zView the report free of charge at www.auditcommission.gov.uk
942 _n0
999 _c110580
_d110580